000 00922nam a2200265 a 4500
001 000023442
005 20200930022225.0
008 101208s1987 txu r 000 0 spa d
020 _a0311400493
040 _aDO-SdBNP
_bspa
_cBNPHU
041 1 7 _aspa
_heng
_2Código de idioma MARC.
082 _a264.1
_bB621s
100 1 _aBisagno, John
_d1934-
_948305
240 1 0 _aThe secret of positive praying.
_lEspañol.
245 1 0 _aEl secreto de la oración tenaz /
_cJohn Bisagno ; traduccion de Rhode Flores.
260 _aPaso, Tx. :
_bCasa Bautista de Publicaciones,
_c1987.
300 _a172 p. ;
_c19 cm.
490 1 _aCasa Bautista de Publicaciones
_v40049
534 _aTítulo original:
_tThe secret of positive praying
650 4 _aOración
_9270
650 4 _aOración de intercesión
_948306
700 1 _aFlores, Rhode
_etr.
_948307
830 0 _aCasa Bautista de Publicaciones
_v40049
_934391
049 _aBNGR
999 _c22938
_d22938